Asertivita v práci manažéra

Vymedzenie pojmu asertivita. Základné princípy asertívneho tréningu. Typy správania sa v spoločenskej komunikácii. Asertívne práva. Technika asertivity. Význam asertivity. Praktické príklady.

Gespeichert in:
Bibliographische Detailangaben
1. Verfasser: Farkašová, Viera
Format: Buchkapitel
Sprache:Slowakisch
Schlagworte:
Tags: Tag hinzufügen
Keine Tags, Fügen Sie das erste Tag hinzu!

MARC

LEADER 00000naa a2200000 4500
001 r033633
005 20230919065932.2
041 0 |a slo 
044 |a SK 
245 1 0 |a Asertivita v práci manažéra  |c Viera Farkašová 
520 |a Vymedzenie pojmu asertivita. Základné princípy asertívneho tréningu. Typy správania sa v spoločenskej komunikácii. Asertívne práva. Technika asertivity. Význam asertivity. Praktické príklady. 
610 2 0 |a asertivita 
610 2 0 |a manažéri 
610 2 0 |a štýl pracovný 
610 2 0 |a správanie 
610 2 0 |a komunikácia manažérska 
100 1 |a Farkašová, Viera